000 00302nam a2200109 4500
999 _c14020
_d14020
008 190730b ||||| |||| 00| 0 eng d
245 _aLabor force must step up.
260 _aPhilippines:
_bThe Philippine Star;
_cc2019.
300 _apage B4.
650 0 _939002
_aEconomic condition.
942 _2ddc
_cPER